000 00723nam a2200229Ia 4500
005 20260116094248.0
008 241129s9999||||xx |||||||||||||| ||und||
020 _a9780367439576
037 _cGeneral Book
040 _aRTL
_beng
_cRTL
041 _aeng
_2eng
084 _aY:3(Q).1 R2
_qRTL
245 0 _aNonviolence in the world's religions: a concise introduction
260 _aLondon
_bRoutledge
_c2022
300 _ax, 125 p.
_bIncludes bibliographical references and index.
365 _aINR
_b3363
650 _aSociology
_9898085
700 _a Long Jeffery D.
_e Editor
_9898086
700 _a Long Michael G.
_e Editor
_9898087
942 _cGB
_h Y:3(Q).1 R2
_2CC
_n0
999 _c1224881
_d1224881